| 000 | 01674nam a2200253Ia 4500 | ||
|---|---|---|---|
| 008 | 260220t1994||||xx |||||||||||||| ||spa|| | ||
| 020 | _a8476156014 | ||
| 040 |
_aPY-SlUNAC _bspa _erda |
||
| 041 | _aspa | ||
| 082 |
_a658.8 _bCh532m |
||
| 100 |
_aChias, Josep _eAutor |
||
| 245 | 0 |
_aEl mercado son personas / _cpor Josep Chias [Autor] |
|
| 264 |
_aMadrid : _bMcGraw-Hill, _c℗1994. |
||
| 300 | _a1 volumen | ||
| 520 | _aEn "El mercado son personas", Josep Chias plantea una reflexión profunda sobre la naturaleza humana en el contexto del marketing y la economía. El autor sostiene que, más allá de ser un simple intercambio de bienes y servicios, el mercado es una interacción social donde las relaciones humanas juegan un papel crucial. A lo largo del libro, Chias analiza cómo las emociones, las percepciones y las necesidades de las personas influyen en sus decisiones de compra, destacando la importancia de entender al consumidor como un individuo con deseos y motivaciones únicas. Además, el autor propone un enfoque centrado en la empatía y la comunicación efectiva, sugiriendo que las empresas deben construir relaciones significativas con sus clientes para lograr un éxito sostenible. Con ejemplos prácticos y un enfoque humanista, el texto invita a repensar las estrategias comerciales tradicionales, enfatizando que el verdadero valor en el mercado radica en la conexión genuina entre las personas. | ||
| 653 | _aComercio | ||
| 653 | _aMercados | ||
| 653 | _aSociedad | ||
| 942 |
_b2026/02/17 _cBK |
||
| 999 |
_c8802 _d8802 |
||